Patología quirúrgica (Registro nro. 5591)

Detalles MARC
000 -CABECERA
campo de control de longitud fija 01167nam a22003011i 4500
001 - NÚMERO DE CONTROL
campo de control bimo0000139638
003 - IDENTIFICADOR DEL NÚMERO DE CONTROL
campo de control SpMaBN
005 - FECHA Y HORA DE LA ÚLTIMA TRANSACCIÓN
campo de control 20230601135234.0
008 - DATOS DE LONGITUD FIJA--INFORMACIÓN GENERAL
campo de control de longitud fija 900514m1981 sp spa
016 7# - NÚMERO DE CONTROL DE UNA AGENCIA BIBLIOGRÁFICA NACIONAL
Número de control del registro bimoBNE19920395995
Número de control de registro cancelado o inválido IBH8100910619
Fuente SpMaBN
017 ## - NÚMERO DE COPYRIGHT O DE DEPÓSITO LEGAL
Número de copyright o de depósito legal B 14655-1981
Agencia que asigna Oficina Depósito Legal Barcelona
020 ## - NÚMERO INTERNACIONAL ESTÁNDAR DEL LIBRO
Número Internacional Estándar del Libro 8470210408
035 ## - NÚMERO DE CONTROL DEL SISTEMA
Número de control de sistema (OCoLC)434615551
040 ## - FUENTE DE LA CATALOGACIÓN
Centro catalogador/agencia de origen IBH
Centro/agencia transcriptor AR-RoIUNI
080 ## - NÚMERO DE LA CLASIFICACIÓN DECIMAL UNIVERSAL
Número de la Clasificación Decimal Universal 617(02)
245 00 - MENCIÓN DE TÍTULO
Título Patología quirúrgica
Medio [Texto impreso]
Mención de responsabilidad, etc. director Juan R. Michans
Número de parte o sección de la obra Tomo 1. Primera parte
250 ## - MENCIÓN DE EDICIÓN
Mención de edición 3ª ed., 3ª reimp.
260 ## - PUBLICACIÓN, DISTRIBUCIÓN, ETC. (PIE DE IMPRENTA)
Lugar de publicación, distribución, etc. Barcelona [etc.]
Nombre del editor, distribuidor, etc. El Ateneo
Fecha de publicación, distribución, etc. 1981-
300 ## - DESCRIPCIÓN FÍSICA
Extensión v. 1
Otras características físicas il.
Dimensiones 26 cm
500 ## - NOTA GENERAL
Nota general Índice
505 0# - NOTA DE CONTENIDO CON FORMATO
Nota de contenido con formato t. 1. Primera parte t. 1. Segunda parte t. 2. Traumatología y ortopedia
650 #7 - PUNTO DE ACCESO ADICIONAL DE MATERIA--TÉRMINO DE MATERIA
Término de materia o nombre geográfico como elemento inicial Patología quirúrgica
Fuente del encabezamiento o término embne
700 1# - PUNTO DE ACCESO ADICIONAL--NOMBRE DE PERSONA
Nombre de persona Michans, Juan R.
9 (RLIN) 553
942 ## - ELEMENTOS DE PUNTO DE ACCESO ADICIONAL (KOHA)
Fuente del sistema de clasificación o colocación Clasificación Decimal Universal
Tipo de ítem Koha Libros
956 ## - LOCALIZACIÓN Y ACCESO ELECTRÓNICOS LOCAL (OCLC)
Nombre del host 1 2
980 ## - EQUIVALENCIA O REFERENCIA-CRUZADA-MENCIÓN DE SERIE--NOMBRE DE PERSONA/TÍTULO [LOCAL, CANADÁ]
Nombre de persona B 14655-1981
-- 84-7021-040-8
-- M-BN
Numeración BNMADRID
Calificador de atribución 5/47920
Títulos y otros términos asociados al nombre SG_RECOLET
Enlace entre campo y número de secuencia 1
Nombre de persona v.
Numeración pte.
Enlace entre campo y número de secuencia 1.1
Nombre de persona 1
Numeración 1
Enlace entre campo y número de secuencia 1.2
Nombre de persona 1
Numeración 2
Enlace entre campo y número de secuencia 1.3
Nombre de persona 2
Enlace entre campo y número de secuencia 0
Nombre de persona v.1(pte.1-2),2
980 ## - EQUIVALENCIA O REFERENCIA-CRUZADA-MENCIÓN DE SERIE--NOMBRE DE PERSONA/TÍTULO [LOCAL, CANADÁ]
Nombre de persona B 14655-1981
-- 84-7021-040-8
-- M-BN
Numeración BNALCALA
Calificador de atribución DLi/5272
Títulos y otros términos asociados al nombre CONSERVACI
Enlace entre campo y número de secuencia 1
Nombre de persona v.
Numeración pte.
Enlace entre campo y número de secuencia 1.1
Nombre de persona 1
Numeración 1
Enlace entre campo y número de secuencia 1.2
Nombre de persona 1
Numeración 2
Enlace entre campo y número de secuencia 1.3
Nombre de persona 2
Enlace entre campo y número de secuencia 0
Nombre de persona v.1(pte 1-2),2
Existencias
Estado de retiro Estado de pérdida Fuente del sistema de clasificación o colocación Estado dañado Excepción de préstamo Código de colección Localización permanente Ubicación/localización actual Ubicación en estantería Fecha de adquisición Fuente de adquisición Número de inventario Total de préstamos Signatura topográfica completa Código de barras Fecha visto por última vez Precio válido a partir de Tipo de ítem Koha
    Clasificación Decimal Universal     Medicina BIBLIOTECA CENTRAL BIBLIOTECA CENTRAL BIBLIOTECA CENTRAL 01/06/2023 Donación 7800   617(02) MIC 7800 01/06/2023 01/06/2023 Libros